[Event "1st ch-CHN Rapid Men Prelim"]
[Site "Hefei CHN"]
[Date "2011.07.04"]
[Round "4.8"]
[White "Gao, Rui"]
[Black "Wen, Yang"]
[Result "1-0"]
[WhiteTitle "IM"]
[BlackTitle "GM"]
[WhiteElo "2420"]
[BlackElo "2558"]
[WhiteFideId "8602387"]
[BlackFideId "8602956"]
[EventDate "2011.07.03"]

1. e4 e5 2. Nf3 d6 3. d4 exd4 4. Nxd4 Nf6 5. Nc3 Be7 6. g3 O-O 7. Bg2 Nc6 8.
Nxc6 bxc6 9. O-O Nd7 10. b3 Bf6 11. Bb2 Nb6 12. Qd2 Rb8 13. Rab1 c5 14. Ba1 Re8
15. Rfe1 Bd7 16. Nd5 Bxa1 17. Rxa1 Bc6 18. c4 h6 19. h4 Nd7 20. Qa5 Rb7 21. Qa6
Nb8 22. Qa5 Nd7 23. Rad1 Bxd5 24. exd5 Nf6 25. Qa6 Rxe1+ 26. Rxe1 Qb8 27. Bh3
Rb6 28. Qa5 Qb7 29. Re7 Kf8 30. Qe1 Qb8 31. Bf5 a5 32. Rxf7+ Kxf7 33. Qe6+ Kf8
34. Bg6 Qe8 35. Bxe8 Nxe8 36. g4 c6 37. Qf5+ Ke7 38. Qe4+ Kd7 39. Qe6+ Kd8 40.
Qe1 cxd5 41. Qxa5 Kc7 42. cxd5 Nf6 43. Qa8 Rb7 44. Qf8 Nxd5 45. Qxg7+ Kc6 46.
Qxh6 Ra7 47. g5 Rxa2 48. g6 1-0

[Event "1st ch-CHN Rapid Men Prelim"]
[Site "Hefei CHN"]
[Date "2011.07.04"]
[Round "4.9"]
[White "Lu, Yijie"]
[Black "Li, Shilong"]
[Result "1-0"]
[BlackTitle "GM"]
[WhiteElo "2370"]
[BlackElo "2520"]
[WhiteFideId "8604525"]
[BlackFideId "8600678"]
[EventDate "2011.07.03"]

1. e4 c5 2. Nf3 d6 3. d4 cxd4 4. Nxd4 Nf6 5. Nc3 e6 6. Be3 Be7 7. f3 O-O 8. Qd2
Nc6 9. g4 d5 10. g5 Nh5 11. f4 Nxd4 12. Qxd4 b6 13. exd5 Bc5 14. Qd2 exd5 15.
O-O-O Bg4 16. Be2 Bxe3 17. Qxe3 Re8 18. Qd2 Bxe2 19. Nxe2 Qc7 20. Rhf1 Rad8 21.
Kb1 g6 22. Nd4 Re4 23. f5 a6 24. c3 b5 25. Rf2 Qb6 26. Rdf1 b4 27. fxg6 hxg6 28.
Ka1 bxc3 29. bxc3 Re7 30. Qd3 Rc8 31. Nb3 Qc7 32. Kb2 Qe5 33. h4 Ng3 34. Rc1 Ne4
35. Rfc2 Re6 36. Qd4 Qd6 37. c4 dxc4 38. Rxc4 Rxc4 39. Rxc4 Qxd4+ 40. Nxd4 Rb6+
41. Kc2 Nd6 42. Ra4 Kf8 43. Kd3 Ke7 44. Nb3 Nf5 45. Nc5 Rd6+ 46. Ke4 Nxh4 47.
Nxa6 Nf5 48. Nc5 Rd2 49. Ra7+ Ke8 50. Ke5 Rc2 51. Ra8+ Ke7 52. Ra7+ Ke8 53. Ra8+
Ke7 54. Ra7+ Ke8 55. Ra8+ Ke7 56. Ra7+ Kd8 57. Ne4 Re2 58. Kf4 Ne7 59. Nd6 Rf2+
60. Ke3 Rf1 61. Ke2 Rf4 62. Ke3 Rf1 63. Ke2 Rf4 64. a4 f6 65. Nf7+ Ke8 66. Nd6+
Kf8 67. Ra8+ Kg7 68. Ne8+ Kf7 69. Nxf6 Ke6 1-0

[Event "1st ch-CHN Rapid Men Prelim"]
[Site "Hefei CHN"]
[Date "2011.07.04"]
[Round "4.11"]
[White "Wan, Yunguo"]
[Black "Xu, Xiangyu"]
[Result "1-0"]
[WhiteElo "2462"]
[BlackElo "2016"]
[WhiteFideId "8603189"]
[BlackFideId "8608288"]
[EventDate "2011.07.03"]

1. e4 c5 2. Nf3 d6 3. d4 Nf6 4. Nc3 cxd4 5. Nxd4 g6 6. Be3 Bg7 7. f3 O-O 8. Qd2
Nc6 9. Bc4 Bd7 10. h4 h5 11. O-O-O Ne5 12. Bb3 Rc8 13. Bg5 Rc5 14. Rhe1 Nc4 15.
Bxc4 Rxc4 16. e5 dxe5 17. Nb3 Qc7 18. Bxf6 Bf5 19. Bxg7 Kxg7 20. Qe3 f6 21. Nd2
Rb4 22. Nde4 Rc8 23. Rd2 Qa5 24. Rd5 Qa6 25. Rc5 Rd8 26. Rc7 Qe6 27. Qc5 1-0

[Event "1st ch-CHN Rapid Men Prelim"]
[Site "Hefei CHN"]
[Date "2011.07.04"]
[Round "4.13"]
[White "Jia, Haoxiang"]
[Black "Zhang, Hong"]
[Result "1/2-1/2"]
[WhiteElo "2369"]
[BlackElo "2054"]
[WhiteFideId "8602999"]
[BlackFideId "8604029"]
[EventDate "2011.07.03"]

1. Nf3 e6 2. d4 f5 3. c4 Nf6 4. e3 d5 5. b3 c6 6. Bb2 Bd6 7. Bd3 O-O 8. O-O Qe7
9. Qc1 Ne4 10. Ba3 Nd7 11. Bxd6 Qxd6 12. Qa3 Qxa3 13. Nxa3 b6 14. Rfc1 Bb7 15.
Ne5 Nxe5 16. dxe5 Nc5 17. Bf1 a5 18. Nc2 Kf7 19. Nd4 Ke7 20. g3 Rfc8 21. a3 g6
22. h4 Nd7 23. f4 Nc5 24. Kh2 Ne4 25. Bd3 h5 26. Bxe4 dxe4 27. Rd1 Rd8 28. Kg2
Rac8 29. Kf2 Ba6 1/2-1/2

[Event "1st ch-CHN Rapid Men Prelim"]
[Site "Hefei CHN"]
[Date "2011.07.04"]
[Round "5.1"]
[White "Yu, Yangyi"]
[Black "Ding, Liren"]
[Result "1/2-1/2"]
[WhiteTitle "GM"]
[BlackTitle "GM"]
[WhiteElo "2672"]
[BlackElo "2654"]
[WhiteFideId "8603820"]
[BlackFideId "8603677"]
[EventDate "2011.07.03"]

1. e4 e6 2. d4 d5 3. Nc3 Nf6 4. Bg5 dxe4 5. Nxe4 Nbd7 6. Nf3 h6 7. Nxf6+ Nxf6 8.
Be3 Bd6 9. g3 b6 10. Bg2 Bb7 11. O-O O-O 12. c4 c5 13. Qe2 cxd4 14. Bxd4 Qe7 15.
Rfd1 Rfd8 1/2-1/2

[Event "1st ch-CHN Rapid Men Prelim"]
[Site "Hefei CHN"]
[Date "2011.07.04"]
[Round "5.2"]
[White "Xiu, Deshun"]
[Black "Zhao, Jun"]
[Result "1/2-1/2"]
[WhiteTitle "GM"]
[BlackTitle "GM"]
[WhiteElo "2519"]
[BlackElo "2588"]
[WhiteFideId "8603693"]
[BlackFideId "8602522"]
[EventDate "2011.07.03"]

1. d4 Nf6 2. c4 c6 3. Nc3 d5 4. e3 g6 5. Nf3 Bg7 6. Be2 O-O 7. O-O e6 8. b4 Nbd7
9. a4 b6 10. a5 dxc4 11. Bxc4 Nd5 12. Nxd5 cxd5 13. Be2 a6 14. Bd2 Bb7 15. Qb3
b5 16. Rac1 Rc8 17. Rxc8 Qxc8 18. Rc1 Qb8 19. h3 1/2-1/2

[Event "1st ch-CHN Rapid Men Prelim"]
[Site "Hefei CHN"]
[Date "2011.07.04"]
[Round "5.3"]
[White "Zeng, Chongsheng"]
[Black "Xu, Jun"]
[Result "0-1"]
[BlackTitle "GM"]
[WhiteElo "2413"]
[BlackElo "2498"]
[WhiteFideId "8603847"]
[BlackFideId "8600031"]
[EventDate "2011.07.03"]

1. e4 c5 2. Nf3 d6 3. d4 cxd4 4. Nxd4 Nf6 5. Nc3 a6 6. Be3 Ng4 7. Bg5 h6 8. Bh4
g5 9. Bg3 Bg7 10. Be2 h5 11. Bxg4 Bxg4 12. f3 Bd7 13. Nd5 Nc6 14. Bf2 O-O 15. c3
e6 16. Nxc6 Bxc6 17. Nb6 Rb8 18. Qd2 f5 19. exf5 Rxf5 20. O-O-O g4 21. fxg4 hxg4
22. Be3 d5 23. Qe2 Qh4 24. g3 Qh3 25. Rhf1 Qh5 26. Rf4 Rxf4 27. gxf4 Bb5 28. Qf2
Rf8 29. a4 Bc6 30. Qg3 e5 31. Nxd5 Qf7 32. Bc5 Bxd5 33. Bxf8 Kxf8 34. Qxg4 Be6
35. Qg5 Qxf4+ 36. Qxf4+ exf4 37. Rd6 Ke7 38. Rb6 Bd5 39. Kd2 Bc6 40. b4 Kd6 41.
h4 f3 42. b5 Kc7 43. bxc6 Kxb6 44. cxb7 Kxb7 45. h5 Bxc3+ 46. Ke3 Kb6 0-1

[Event "1st ch-CHN Rapid Men Prelim"]
[Site "Hefei CHN"]
[Date "2011.07.04"]
[Round "5.4"]
[White "Lou, Yiping"]
[Black "Gao, Rui"]
[Result "1/2-1/2"]
[WhiteTitle "IM"]
[BlackTitle "IM"]
[WhiteElo "2431"]
[BlackElo "2420"]
[WhiteFideId "8603928"]
[BlackFideId "8602387"]
[EventDate "2011.07.03"]

1. d4 Nf6 2. c4 g6 3. Nc3 d5 4. Nf3 Bg7 5. Qb3 dxc4 6. Qxc4 O-O 7. e4 a6 8. Be2
b5 9. Qd3 Bb7 10. e5 Nd5 11. O-O Nd7 12. e6 Nxc3 13. bxc3 Bxf3 14. Qxf3 fxe6 15.
Qc6 e5 16. Bg4 Nf6 17. Be6+ Kh8 18. dxe5 Nh5 19. Be3 Bxe5 20. Rad1 Qe8 21. Qc5
Bd6 22. Qg5 Nf6 23. Bd4 Qb8 24. f4 c5 25. Bxc5 Bxc5+ 26. Qxc5 Qa7 27. Qxa7 Rxa7
28. Rfe1 Rc7 29. Rd3 Kg7 30. Rde3 1/2-1/2

[Event "1st ch-CHN Rapid Men Prelim"]
[Site "Hefei CHN"]
[Date "2011.07.04"]
[Round "5.6"]
[White "Ma, Qun"]
[Black "Li, Chao b"]
[Result "1/2-1/2"]
[BlackTitle "GM"]
[WhiteElo "2447"]
[BlackElo "2669"]
[WhiteFideId "8603154"]
[BlackFideId "8604436"]
[EventDate "2011.07.03"]

1. e4 d6 2. d4 Nf6 3. Nc3 g6 4. Bg5 Bg7 5. e5 Nfd7 6. f4 Nb6 7. Nf3 O-O 8. Be2
Be6 9. O-O dxe5 10. fxe5 c5 11. dxc5 N6d7 12. Nd4 Nc6 13. Nxe6 fxe6 14. Rxf8+
Nxf8 15. Qxd8 Rxd8 16. Rd1 Rxd1+ 17. Nxd1 Nd7 18. Be3 Bxe5 19. c3 Nf6 20. g3 Nd5
21. Bd2 Kf7 22. Kf2 Ke8 23. Ne3 Nf6 24. Bf3 Kd7 25. b4 Kc8 26. Ke2 Bc7 27. Bg2
e5 28. Nd5 Bd8 29. Kd3 Kd7 30. Kc4 Ne8 31. Bh6 e6 32. Ne3 Nf6 33. b5 Na5+ 34.
Kb4 b6 35. Bf8 e4 36. c4 Ke8 37. Bd6 Nb7 38. cxb6 Bxb6 39. Bf4 Ba5+ 40. Kb3 Nc5+
41. Kc2 Nd3 42. Bg5 Ne1+ 43. Kd1 Nxg2 44. Nxg2 Nd7 45. Be3 Bb6 46. Kd2 Ke7 47.
Kc3 Kd6 48. a4 Nc5 49. Bh6 Ba5+ 50. Kd4 e5+ 51. Ke3 Ke7 52. Bg7 Bc3 53. a5 Kf7
54. Bh8 Bd4+ 55. Ke2 Nd7 56. Nf4 Kg8 57. Ne6 Bg1 58. b6 Bxb6 59. axb6 axb6 60.
Bxe5 Nxe5 61. c5 bxc5 62. Nxc5 e3 63. h3 Nc4 64. Kd3 1/2-1/2

[Event "1st ch-CHN Rapid Men Prelim"]
[Site "Hefei CHN"]
[Date "2011.07.04"]
[Round "5.9"]
[White "Zhou, Weiqi"]
[Black "Ma, Zhonghan"]
[Result "1-0"]
[WhiteTitle "GM"]
[WhiteElo "2605"]
[BlackElo "2378"]
[WhiteFideId "8601674"]
[BlackFideId "8607206"]
[EventDate "2011.07.03"]

1. d4 d5 2. c4 c6 3. Nc3 Nf6 4. e3 a6 5. Qc2 b5 6. b3 Bg4 7. Nge2 Nbd7 8. h3 Bh5
9. Nf4 Bg6 10. Nxg6 hxg6 11. Be2 e6 12. O-O Be7 13. e4 b4 14. exd5 bxc3 15. dxc6
Nb8 16. Bf3 Ra7 17. d5 exd5 18. cxd5 Bd6 19. Qxc3 Re7 20. Be3 O-O 21. Rac1 a5
22. Bc5 Bxc5 23. Qxc5 Na6 24. Qc4 Nc7 25. Rfd1 Qd6 26. Qc5 Rd8 27. Qxa5 Ra8 28.
Qc5 Nfe8 29. a4 Na6 30. Qc4 Rea7 31. Be2 Nac7 32. Qd4 Qe7 33. Bc4 Nd6 34. Re1
Qd8 35. Bd3 Ra5 36. Rc5 Rxc5 37. Qxc5 Nce8 38. Rc1 Qc7 39. Qd4 Qa5 40. Rc5 Qe1+
41. Kh2 Qe7 42. Bc2 Qc7 43. g3 Rb8 44. b4 Qb6 45. b5 Ra8 46. Kg2 Nc7 47. h4 Kf8
48. Qc3 Kg8 49. g4 Ra7 50. h5 gxh5 51. gxh5 Rxa4 52. Bxa4 Ne4 53. Qe5 Nxc5 54.
d6 N7e6 55. c7 Qb7+ 56. f3 Nd7 57. Qe4 Qc8 58. Bc2 Nf6 59. Qc4 Nd7 60. Bf5 Nb6
61. Bxe6 fxe6 62. Qc6 Nd7 63. b6 1-0

[Event "1st ch-CHN Rapid Men Prelim"]
[Site "Hefei CHN"]
[Date "2011.07.04"]
[Round "5.11"]
[White "Wen, Yang"]
[Black "Wang, Yiye"]
[Result "1-0"]
[WhiteTitle "GM"]
[WhiteElo "2558"]
[BlackElo "2262"]
[WhiteFideId "8602956"]
[BlackFideId "8606021"]
[EventDate "2011.07.03"]

1. d4 Nf6 2. c4 e5 3. dxe5 Ng4 4. e3 Nxe5 5. a3 g6 6. Bd2 Bg7 7. Bc3 O-O 8. Ne2
d6 9. Nf4 b6 10. Be2 Bb7 11. O-O a5 12. Nd2 Nbd7 13. Nd5 b5 14. Rc1 Nc5 15. b4
axb4 16. axb4 Ncd3 17. Bxd3 Nxd3 18. Bxg7 Kxg7 19. Rc3 Nb2 20. Qg4 Nxc4 21. Qd4+
f6 22. Nf4 Qe7 23. Nxc4 bxc4 24. Qxc4 Ba6 25. b5 Bc8 26. Qxc7 Ra7 27. Qxe7+ Rxe7
28. Rfc1 Bf5 29. Ne2 Rb8 30. Nd4 Reb7 31. Rc7+ Kh6 32. Rxb7 Rxb7 33. Nxf5+ gxf5
34. Rb1 Kg6 35. Kf1 Kf7 36. Ke2 Ke6 37. b6 Kd5 38. Kf3 Ke5 39. Rb5+ d5 40. g3 h6
41. h3 h5 42. h4 Kd6 43. Kf4 Ke6 44. Rb4 Rg7 45. Rb1 Rb7 46. Rb2 Rb8 47. b7 1-0

[Event "1st ch-CHN Rapid Men Prelim"]
[Site "Hefei CHN"]
[Date "2011.07.04"]
[Round "5.13"]
[White "Mu, Ke"]
[Black "Xu, Yinglun"]
[Result "1-0"]
[WhiteElo "2290"]
[BlackElo "2084"]
[WhiteFideId "8602778"]
[BlackFideId "8604940"]
[EventDate "2011.07.03"]

1. c4 e6 2. Nc3 d5 3. d4 Nf6 4. Bg5 Be7 5. e3 O-O 6. Nf3 h6 7. Bh4 b6 8. cxd5
exd5 9. Bd3 Bb7 10. O-O Nbd7 11. Rc1 c5 12. h3 Re8 13. dxc5 bxc5 14. Bg3 a6 15.
a3 Nb6 16. Na4 Nxa4 17. Qxa4 Qb6 18. b4 c4 19. Bb1 Bd6 20. Bxd6 Qxd6 21. Rfd1
Qb6 22. Nd4 Ne4 23. Bxe4 Rxe4 24. Qd7 g6 25. Nf3 Re6 26. Qa4 Rc8 27. Rd4 Re7 28.
Qc2 c3 29. Qb3 Rec7 30. Rd3 Qc6 31. Nd4 Qc4 32. Qxc4 Rxc4 33. Rc2 a5 34. bxa5
Ba6 35. Ne2 R8c5 36. Rdxc3 Rxa5 37. Nf4 Rca4 38. Rc5 Rxc5 39. Rxc5 Rxa3 40. Rxd5
Kg7 41. Rd7 Bc4 42. Rc7 Ra4 43. Kh2 Bb3 44. Nd3 Ra5 45. e4 Ra3 46. Rc3 Ra5 47.
Rc7 Ra3 48. Rc3 1-0

[Event "1st ch-CHN Rapid Men Prelim"]
[Site "Hefei CHN"]
[Date "2011.07.04"]
[Round "6.1"]
[White "Ding, Liren"]
[Black "Zhao, Jun"]
[Result "1-0"]
[WhiteTitle "GM"]
[BlackTitle "GM"]
[WhiteElo "2654"]
[BlackElo "2588"]
[WhiteFideId "8603677"]
[BlackFideId "8602522"]
[EventDate "2011.07.03"]

1. d4 Nf6 2. c4 e6 3. Nf3 b6 4. g3 Bb7 5. Bg2 Be7 6. Nc3 O-O 7. Qc2 c5 8. d5
exd5 9. Nh4 g6 10. O-O d6 11. cxd5 Nbd7 12. e4 Re8 13. Nf3 Bf8 14. Re1 a6 15. a4
Ng4 16. Bg5 Qc7 17. Rad1 Bg7 18. h3 Nge5 19. Nxe5 Nxe5 20. f4 Nc4 21. Kh2 b5 22.
axb5 axb5 23. e5 Qb6 24. b3 Na3 25. Qf2 h6 26. Bf6 Bxf6 27. exf6 b4 28. Ne4 Qd8
29. f5 Rxe4 30. fxg6 Rxe1 31. Rxe1 fxg6 32. Re7 Ba6 33. Qe3 Qf8 34. Rg7+ Qxg7
35. fxg7 c4 36. Qxh6 Bb7 37. Qxg6 1-0

[Event "1st ch-CHN Rapid Men Prelim"]
[Site "Hefei CHN"]
[Date "2011.07.04"]
[Round "6.3"]
[White "Xu, Jun"]
[Black "Wang, Chen"]
[Result "1-0"]
[WhiteTitle "GM"]
[BlackTitle "IM"]
[WhiteElo "2498"]
[BlackElo "2449"]
[WhiteFideId "8600031"]
[BlackFideId "8601020"]
[EventDate "2011.07.03"]

1. c4 e6 2. Nf3 Nf6 3. g3 d5 4. d4 g6 5. Bg2 Bg7 6. O-O O-O 7. Qc2 Nc6 8. Rd1 a5
9. a3 Ne7 10. Nbd2 b6 11. e4 c6 12. b3 Bb7 13. Bb2 Rc8 14. b4 c5 15. dxc5 bxc5
16. bxc5 dxe4 17. Ng5 Qc7 18. Rab1 Ba8 19. Ngxe4 Bxe4 20. Bxe4 Qxc5 21. Bb7 Ng4
22. Ne4 Qxc4 23. Qd2 Bxb2 24. Qxb2 Rb8 25. h3 Nd5 26. Rd4 Rxb7 27. Rxc4 Rxb2 28.
Rxb2 Ne5 29. Rcc2 Nf3+ 30. Kf1 f5 31. Nd6 Ng5 32. h4 Nf7 33. Nxf7 Rxf7 34. Rb8+
Kg7 35. Rcb2 Kf6 36. R2b7 Ne7 37. Ra8 h6 38. Ra6 g5 39. h5 f4 40. g4 Rf8 41.
Rbb6 1-0

[Event "1st ch-CHN Rapid Men Prelim"]
[Site "Hefei CHN"]
[Date "2011.07.04"]
[Round "6.7"]
[White "Li, Chao b"]
[Black "Zeng, Chongsheng"]
[Result "1-0"]
[WhiteTitle "GM"]
[WhiteElo "2669"]
[BlackElo "2413"]
[WhiteFideId "8604436"]
[BlackFideId "8603847"]
[EventDate "2011.07.03"]

1. d4 d5 2. c4 c6 3. Nf3 Nf6 4. Nc3 dxc4 5. a4 Na6 6. e3 Bf5 7. Bxc4 Nb4 8. O-O
e6 9. Qe2 Be7 10. e4 Bg4 11. Be3 O-O 12. Rad1 Qa5 13. h3 Bxf3 14. Qxf3 Rad8 15.
Qg3 Nc2 16. e5 Nxe3 17. fxe3 Nd5 18. Ne4 Kh8 19. b3 Nc3 20. Qe1 Bb4 21. Nxc3
Bxc3 22. Qh4 Bd2 23. Rf3 Qc3 24. Kh2 b5 25. axb5 cxb5 26. Bxb5 Bxe3 27. Qe4 Qxb3
28. Be2 1-0

[Event "1st ch-CHN Rapid Men Prelim"]
[Site "Hefei CHN"]
[Date "2011.07.04"]
[Round "6.8"]
[White "Lu, Yijie"]
[Black "Zhou, Weiqi"]
[Result "0-1"]
[BlackTitle "GM"]
[WhiteElo "2370"]
[BlackElo "2605"]
[WhiteFideId "8604525"]
[BlackFideId "8601674"]
[EventDate "2011.07.03"]

1. e4 e6 2. d4 d5 3. Nd2 c5 4. exd5 Qxd5 5. Ngf3 cxd4 6. Bc4 Qd7 7. O-O Nf6 8.
Nb3 Nc6 9. Nbxd4 Nxd4 10. Nxd4 a6 11. c3 Qc7 12. Bd3 Bd6 13. g3 Bd7 14. Bg5 Be5
15. Qf3 h6 16. Be3 Nd5 17. Bd2 Bxd4 18. cxd4 Bc6 19. Qe2 Qb6 20. Qe5 O-O 21. b3
Rad8 22. Rad1 Nb4 23. Bc4 Bd5 24. Bxb4 Qxb4 25. Bd3 Rd7 26. f4 g6 27. h4 h5 28.
Qf6 Qc3 29. g4 hxg4 30. h5 Bf3 31. hxg6 Qxd4+ 32. Qxd4 Rxd4 33. gxf7+ Kg7 34.
Be2 Rxf4 35. Rd6 Kf6 36. Rd3 Rxf7 37. Bxf3 gxf3 38. Rdxf3 Rxf3 39. Rxf3+ Ke7 40.
Re3 Kd6 41. Rd3+ Kc5 42. Kg2 e5 43. Rd8 e4 44. Rd2 b5 45. a3 Rf3 46. b4+ Kc4 47.
Re2 Kd4 48. Ra2 Rb3 49. Kf2 Kd3 50. Re2 Rb1 51. Re3+ Kd4 52. Rh3 Ra1 53. Ke2
Ra2+ 54. Kd1 e3 0-1

[Event "1st ch-CHN Rapid Men Prelim"]
[Site "Hefei CHN"]
[Date "2011.07.04"]
[Round "6.9"]
[White "Mu, Ke"]
[Black "Wen, Yang"]
[Result "0-1"]
[BlackTitle "GM"]
[WhiteElo "2290"]
[BlackElo "2558"]
[WhiteFideId "8602778"]
[BlackFideId "8602956"]
[EventDate "2011.07.03"]

1. e4 c5 2. Nf3 Nc6 3. d4 cxd4 4. Nxd4 Qc7 5. Nc3 e6 6. g3 a6 7. Bg2 d6 8. O-O
Bd7 9. Re1 Be7 10. a4 Rc8 11. Nxc6 Bxc6 12. Bf4 Nf6 13. Nd5 Bxd5 14. exd5 e5 15.
Be3 O-O 16. c3 Nd7 17. g4 Qd8 18. Qd2 Rc4 19. h3 f5 20. Qd3 Qc8 21. gxf5 Rh4 22.
f4 Bf6 23. Rf1 exf4 24. Rxf4 Ne5 25. Qe4 Rh5 26. Raf1 Bg5 27. R4f2 Bxe3 28. Qxe3
Rhxf5 29. Rxf5 Rxf5 30. Rxf5 Qxf5 31. Be4 Qd7 32. b3 Qe7 33. Qf4 g6 34. Bg2 Nd3
35. Qg3 Nc5 36. c4 a5 37. h4 Qe5 38. Qg4 Kg7 39. Qc8 Qd4+ 40. Kf1 Qd1+ 41. Kf2
Qd2+ 42. Kg3 Qe1+ 43. Kh3 Qe3+ 44. Kh2 Qf4+ 45. Kg1 Qe3+ 46. Kh2 Qe7 47. Qh3
Qe5+ 48. Kg1 Qd4+ 49. Kh2 Qf4+ 50. Kg1 Kh6 51. Qc3 b6 52. Qe1 Nd3 53. Qe7 Ne5
54. Qe6 Ng4 55. Qe7 Qd4+ 0-1

[Event "1st ch-CHN Rapid Men Prelim"]
[Site "Hefei CHN"]
[Date "2011.07.04"]
[Round "6.11"]
[White "Li, Shilong"]
[Black "Wang, Li"]
[Result "1/2-1/2"]
[WhiteTitle "GM"]
[BlackTitle "IM"]
[WhiteElo "2520"]
[BlackElo "2402"]
[WhiteFideId "8600678"]
[BlackFideId "8604460"]
[EventDate "2011.07.03"]

1. d4 d5 2. c4 dxc4 3. e3 Nf6 4. Bxc4 a6 5. Nf3 b5 6. Bd3 Bb7 7. a4 b4 8. O-O e6
9. Nbd2 Nbd7 10. e4 Nc5 11. Qe2 Nxd3 12. Qxd3 Be7 13. Re1 c5 14. e5 Nd7 15. Ne4
Bd5 16. Bg5 c4 17. Qe3 O-O 18. Bxe7 Qxe7 19. Nd6 a5 20. Nd2 Nb6 21. Rec1 Rfc8
22. Nxc8 Rxc8 23. Ne4 Qd7 24. Nc5 Qc6 25. f3 h6 26. Qf2 Nd7 27. Nd3 Nb6 28. Nf4
Nxa4 29. b3 Nc3 30. Rxa5 cxb3 31. Rc5 Qb7 32. Nxd5 Rxc5 33. Nf6+ gxf6 34. dxc5
Qd5 35. exf6 Kf8 36. Kh1 Qg5 37. f4 Qd5 38. Ra1 Ke8 39. c6 Qxc6 40. Qa7 Nd5 41.
Qb8+ Kd7 42. Qf8 b2 43. Qxf7+ Kd6 44. Rg1 Qc1 45. Qf8+ Kd7 46. Qf7+ Kd6 47. Qf8+
Kd7 48. Qf7+ Kd6 49. Qf8+ Kd7 50. Qg7+ Kc6 51. Qg6 Nxf6 52. Qb1 Qc3 53. Qa2 Nd5
54. Qa6+ Kd7 55. Qb5+ Kd6 56. Qb8+ Kc5 57. Qc8+ Kd4 58. Qxe6 Qc2 59. Qe1 Nc3 60.
Qe5+ Kc4 61. Qe6+ Kd4 62. Qd6+ Kc4 63. Qe6+ Kd4 64. Qd6+ 1/2-1/2

[Event "1st ch-CHN Rapid Men Prelim"]
[Site "Hefei CHN"]
[Date "2011.07.04"]
[Round "6.12"]
[White "Ma, Zhonghan"]
[Black "Wang, Zili"]
[Result "1-0"]
[BlackTitle "GM"]
[WhiteElo "2378"]
[BlackElo "2488"]
[WhiteFideId "8607206"]
[BlackFideId "8600023"]
[EventDate "2011.07.03"]

1. Nf3 c5 2. c4 Nf6 3. d4 cxd4 4. Nxd4 e5 5. Nb5 d5 6. cxd5 Bc5 7. N5c3 O-O 8.
e3 e4 9. Nd2 Qe7 10. a3 Rd8 11. b4 Bd6 12. Bb2 Be5 13. Qb3 Bf5 14. Nc4 Nbd7 15.
Be2 Rac8 16. Rd1 Bb8 17. h3 Ne5 18. Nxe5 Bxe5 19. Nb5 Bxb2 20. Qxb2 Nxd5 21.
Nxa7 Ra8 22. Nb5 Qg5 23. g4 Be6 24. h4 Qg6 25. Qe5 h6 26. h5 Qf6 27. Qxf6 Nxf6
28. Rxd8+ Rxd8 29. Rg1 Nh7 30. Nd4 Ra8 31. Kd2 Rxa3 32. Rc1 Nf6 33. Nxe6 fxe6
34. Rc8+ Kf7 35. Rc7+ Kf8 36. Bc4 Nxg4 37. Bxe6 Ne5 38. Rxb7 Ra6 39. Bf5 Nc4+
40. Kc3 Nd6 41. Rb8+ Ke7 42. Bg6 Ra3+ 43. Kd4 Ke6 44. Bxe4 Ra2 45. Bd5+ Ke7 46.
Bxa2 1-0

[Event "1st ch-CHN Rapid Men Prelim"]
[Site "Hefei CHN"]
[Date "2011.07.04"]
[Round "6.13"]
[White "Fang, Yan"]
[Black "Zhang, Hong"]
[Result "0-1"]
[WhiteElo "2265"]
[BlackElo "2054"]
[WhiteFideId "8604746"]
[BlackFideId "8604029"]
[EventDate "2011.07.03"]

1. e4 c5 2. Nf3 Nc6 3. d4 cxd4 4. Nxd4 Nf6 5. Nc3 d6 6. Bc4 e6 7. Be3 Be7 8. Qe2
a6 9. O-O-O Qc7 10. Bb3 O-O 11. Rhg1 b5 12. g4 b4 13. Nxc6 Qxc6 14. Nd5 exd5 15.
g5 Nxe4 16. Bxd5 Qa4 17. Bxa8 Nc3 18. Qf3 Nxd1 19. Rxd1 Qxa2 20. Rd3 Qa1+ 21.
Kd2 Qxb2 22. Bd5 Qe5 23. Qg3 Qxg3 24. hxg3 Be6 25. Bf4 a5 26. Kc1 Rc8 27. Kb2
Bf5 28. Rd2 a4 29. f3 h6 0-1

[Event "1st ch-CHN Rapid Men Prelim"]
[Site "Hefei CHN"]
[Date "2011.07.04"]
[Round "6.14"]
[White "Jia, Haoxiang"]
[Black "Xu, Jialun"]
[Result "1-0"]
[WhiteElo "2369"]
[BlackElo "2077"]
[WhiteFideId "8602999"]
[BlackFideId "8607354"]
[EventDate "2011.07.03"]

1. Nf3 f5 2. e4 fxe4 3. Ng5 Nf6 4. d3 e3 5. Bxe3 e6 6. d4 h6 7. Nf3 Be7 8. Bd3
O-O 9. Nbd2 Nc6 10. c3 Bd6 11. Nc4 Nd5 12. Nxd6 cxd6 13. Qd2 Qf6 14. O-O-O Nf4
15. Bf1 b6 16. g3 Nd5 17. Be2 Bb7 18. Rhf1 Nce7 19. Ne1 Rac8 20. Kb1 Nxe3 21.
Qxe3 Nf5 22. Qd2 d5 23. f4 Nd6 24. Bd3 b5 25. Nc2 a5 26. a3 Bc6 27. g4 g5 28. f5
Qg7 29. Rde1 Rce8 30. h4 Rf6 31. Rh1 Nf7 32. hxg5 Nxg5 33. Qe2 Ref8 34. Rh5 Rb8
35. Reh1 Rb7 36. Qh2 Nf3 37. Qd6 exf5 38. Qg3 fxg4 39. Ne3 Nd2+ 40. Kc2 Nc4 41.
Nxg4 Kf8 42. Qh4 Rf4 43. Qd8+ Kf7 44. Nxh6+ Ke6 45. Re1+ Kd6 46. Nf5+ Rxf5 47.
Rxf5 Qg2+ 48. Re2 Qxe2+ 49. Bxe2 Ne3+ 50. Kd2 Nxf5 51. Qf6+ Kc7 52. Qxf5 Rb8 53.
Bf3 b4 54. axb4 axb4 55. Bxd5 bxc3+ 56. Kxc3 Rb5 57. Qf4+ Kb7 58. Bxc6+ dxc6 59.
b4 Rd5 60. Kc4 Rb5 61. Qd6 Rh5 62. Qd7+ Kb6 63. Qe8 Rb5 64. Qb8+ Ka6 65. Qxb5+
cxb5+ 66. Kc5 Kb7 67. Kxb5 Kc7 68. Kc5 Kd7 69. b5 Kc7 70. b6+ Kb7 71. Kb5 Kb8
72. Kc6 Kc8 73. b7+ Kb8 74. d5 1-0

[Event "1st ch-CHN Rapid Men Prelim"]
[Site "Hefei CHN"]
[Date "2011.07.04"]
[Round "6.16"]
[White "Fang, Yuxiang"]
[Black "Xu, Yi"]
[Result "0-1"]
[BlackTitle "CM"]
[WhiteElo "1977"]
[BlackElo "2110"]
[WhiteFideId "8605840"]
[BlackFideId "8605564"]
[EventDate "2011.07.03"]

1. d4 Nf6 2. c4 g6 3. Nf3 Bg7 4. Nc3 O-O 5. g3 d6 6. Bg2 Nbd7 7. O-O e5 8. e4 c6
9. h3 Re8 10. d5 Nc5 11. Qc2 cxd5 12. cxd5 a5 13. Be3 Bd7 14. Rac1 b5 15. Bxc5
dxc5 16. Nd2 Rc8 17. a4 b4 18. Ne2 Bh6 19. b3 c4 20. bxc4 b3 21. Qb2 Bxd2 22.
Qxd2 Bxa4 23. c5 Bb5 24. Rfe1 a4 25. Qb4 Rb8 26. Nc3 Bd7 27. Qa3 b2 28. Rc2 Rb3
29. Qa2 Qa5 30. c6 Rxc3 31. cxd7 Rxc2 32. dxe8=Q+ Nxe8 33. Rf1 a3 34. Qb3 Rc1
35. Qb8 Qa4 36. d6 b1=Q 37. Qd8 Rxf1+ 38. Bxf1 Qab5 39. Kh2 Q1xf1 0-1